El futuro de la nación dominicana : (Registro nro. 8117)

Detalles MARC
000 -LIDER
fixed length control field 01791nam a2200385 a 4500
001 - NÚMERO DE CONTROL
Identificador de número de control 000000645
003 - IDENTIFICACDOR DE NÚMERO DE CONTROL
control field DO-SdBNP
005 - DATE AND TIME OF LATEST TRANSACTION
control field 20171120123823.0
007 - CAMPOS FIJOS DE DESCRIPCIÓN FÍSICA
fixed length control field 000000645
008 - ELEMENTOS DE LONGITUD FIJA
fixed length control field 090331s2004 dr a 000 0 spa d
020 ## - ISBN
International Standard Book Number 9789993425540
040 ## - FUENTE DE CATALOGACIÓN
Agencia que crea de manera original el registro BPMSU
Idioma de catalogación spa
Agencia que realiza la transcripción BPMSU
082 #4 - NÚMERO DE CLASIFICACIÓN DECIMAL DE DEWEY
Classification number 304.87307293
Item number B623f
100 1# - ASIENTO PRINCIPAL -- NOMBRE PERSONAL
Nombre personal Bissainthe, Jean Ghasmann
245 13 - MENCIÓN DE TITULO
Título El futuro de la nación dominicana :
Subtítulo quisqueyanos entre dos banderas /
Mención de responsabilidad Jean Ghasmann Bissainthe ; prólogo Marino Mejía.
260 0# - PUBLICACIÓN, DISTRIBUCIÓN, ETC. (PIE DE IMPRENTA)
Lugar de publicación, distribución, etc Santo Domingo :
Nombre del editor, distribuidor, etc. INTEC,
Fecha de publicación, distribución, etc 2004.
300 ## - DESCRIPCIÓN FÍSICA
Extensión x, 375 p. :
Otros detalles físicos il. ;
Dimensiones 23 cm.
500 ## - NOTA GENERAL
Nota general Incluye datos biográficos del autor en la solapa de la cubierta
504 ## - NOTA DE BIBLIOGRAFÍA, ETC.
Bibliography, etc Bibliografía : p. 359-375
505 2# - NOTA DE CONTENIDO
Título Agradecimientos --
-- Prólogo --
-- Introducción --
-- Estructuras socio-económicas y políticas --
-- Mito y realidad de la migración transnacional --
-- Aportes socio-económicos de la migración dominicana --
-- Migración y nacionalidad --
-- Creencias y valores de la diáspora dominicana --
-- Desafío de la diáspora dominicana --
-- Conclusiones y perspectivas --
-- Bibliografía general.
650 #4 - ENCABEZAMIENTO DE MATERIA--TEMÁTICO
Término temático o nombre geográfico como elemento de entrada DOMINICANOS EN ESTADOS UNIDOS
Subdivisión temática general ASPECTOS ECONÓMICOS
650 #4 - ENCABEZAMIENTO DE MATERIA--TEMÁTICO
Término temático o nombre geográfico como elemento de entrada IDENTIDAD NACIONAL
650 #4 - ENCABEZAMIENTO DE MATERIA--TEMÁTICO
Término temático o nombre geográfico como elemento de entrada IDENTIDAD CULTURAL
Subdivisión geográfica REPÚBLICA DOMINICANA
651 #4 - ENCABEZAMIENTO DE MATERIA--NOMBRE GEOGRÁFICO
Nombre geográfico REPÚBLICA DOMINICANA
Subdivisión temática general EMIGRACIÓN E INMIGRACIÓN
651 #4 - ENCABEZAMIENTO DE MATERIA--NOMBRE GEOGRÁFICO
Nombre geográfico ESTADOS UNIDOS
Subdivisión temática general EMIGRACIÓN E INMIGRACIÓN
700 12 - ASIENTO SECUNDARIO -- NOMBRE PERSONAL
Nombre personal Mejía, Marino,
Mención de responsabilidad pról.
710 22 - ASIENTO SECUNDARIO -- NOMBRE CORPORATIVO
Nombre corporativo o de jurisdicción Instituto Tecnológico de Santo Domingo
910 ## - VALIDACIÓN
Validación Validado. Control de calidad MFF
930 #1 - EQUIVALENCE OR CROSS-REFERENCE-UNIFORM TITLE HEADING [LOCAL, CANADA]
Language of a work BND01
Medium of performance for music LF1
Field link and sequence number 20090821
Date of a work 01
Name of part/section of a work HD
942 ## - ADDED ENTRY ELEMENTS (KOHA)
Source of classification or shelving scheme Dewey Decimal Classification
Koha item type Libros
945 ## - INFORMACIÓN DE PROCESAMIENTO LOCAL
Información de procesamiento local Inventariado, 2017/MFF
956 ## - LOCAL ELECTRONIC LOCATION AND ACCESS (OCLC)
Nombre de host BTAVAREZ
Número de acceso 10
Información de compresión 20100219
Inicio de sesión BND01
Procesador de solicitud 1503
956 ## - LOCAL ELECTRONIC LOCATION AND ACCESS (OCLC)
Nombre de host TMEREDITH
Número de acceso 10
Información de compresión 20111018
Inicio de sesión BND01
Procesador de solicitud 0859
956 ## - LOCAL ELECTRONIC LOCATION AND ACCESS (OCLC)
Nombre de host VMATEO
Número de acceso 10
Información de compresión 20150807
Inicio de sesión BPMSU
Procesador de solicitud 00151
Existencias
Withdrawn status Lost status Source of classification or shelving scheme Damaged status Not for loan Home library Current library Date acquired Total Checkouts Full call number Barcode Date last seen Price effective from Koha item type
    Dewey Decimal Classification     Biblioteca Pública Metropolitana Salomé Ureña Biblioteca Pública Metropolitana Salomé Ureña 08/07/2015   304.87307293 B623f BPMSU15080210 08/07/2015 08/07/2015 Libros